[Event "Delegacio Lleida op"]
[Site "Mollerusa"]
[Date "2018.05.19"]
[Round "6"]
[White "Cabestany Serra, Xavier"]
[Black "Subarroca Blanch, Francesco"]
[Result "0-1"]
[WhiteElo "1543"]
[BlackElo "1765"]
[PlyCount "76"]
[EventDate "2018.04.14"]
[EventType "swiss"]
[EventRounds "8"]
[EventCountry "ESP"]
[SourceTitle "EXT 2019"]
[Source "ChessBase"]
[SourceDate "2018.10.10"]
[SourceVersion "1"]
[SourceVersionDate "2018.10.10"]
[SourceQuality "1"]

1. d4 d5 2. c4 Nf6 3. Nf3 g6 4. e3 e6 5. Bd3 Bg7 6. 0-0 0-0 7. Nbd2 b6 8. Ne5 Bb7 9. b3 Nbd7 10. Ba3 Re8 11. Rc1 Nxe5 12. dxe5 Nd7 13. f4 c5 14. Nf3 a5 15. Bb2 Rc8 16. Ng5 Nb8 17. Qg4 Qd7 18. Rcd1 Qe7 19. a3 Nd7 20. Rd2 Nf8 21. cxd5 Bxd5 22. Bc4 h6 23. Nh3 Qb7 24. Qe2 Kh7 25. Rfd1 Be4 26. Ba6 Qa8 27. Bxc8 Rxc8 28. Rd6 b5 29. Rb6 c4 30. bxc4 bxc4 31. Rbd6 c3 32. Ba1 c2 33. Rc1 Qb7 34. Rd4 Nd7 35. Rc4 Qb1 36. R4xc2 Rxc2 37. Rxb1 Rxe2 38. Nf2 Bxb1 0-1

[Event "Mollerussa op-B"]
[Site "Mollerusa"]
[Date "1997.??.??"]
[Round "2"]
[White "Cabestany Serra, Xavier"]
[Black "Fontanet Llobera, Josep"]
[Result "1-0"]
[WhiteElo "1865"]
[BlackElo "1985"]
[PlyCount "91"]
[EventDate "1997.??.??"]
[EventType "swiss"]
[EventRounds "8"]
[EventCountry "ESP"]
[SourceTitle "EXT 2003"]
[Source "ChessBase"]
[SourceDate "2002.11.25"]
[SourceVersion "1"]
[SourceVersionDate "2002.11.25"]
[SourceQuality "1"]

1. Nf3 Nf6 2. c4 e6 3. d4 d5 4. Nc3 Bb4 5. e3 0-0 6. Bd3 dxc4 7. Bxc4 b6 8. 0-0 Bb7 9. Bd2 Qe7 10. Rc1 Nbd7 11. Qe2 Rac8 12. a3 Bxc3 13. Bxc3 Rfd8 14. Rfd1 Ne4 15. Bb4 c5 16. dxc5 Ndxc5 17. Bb5 Qf6 18. Rd4 e5 19. Rxd8+ Rxd8 20. Rd1 Rxd1+ 21. Qxd1 h6 22. Bxc5 Nxc5 23. Be2 Bxf3 24. gxf3 e4 25. b4 Qg6+ 26. Kf1 exf3 27. Bxf3 Qd3+ 28. Qxd3 Nxd3 29. Be2 Ne5 30. h4 Kf8 31. h5 Ke7 32. f4 Nd7 33. Bf3 f5 34. Ke2 Nf6 35. Kd3 Kf7 36. Kd4 g6 37. hxg6+ Kxg6 38. Kc4 h5 39. Kb5 h4 40. Ka6 Ng4 41. Kxa7 Nxe3 42. Kxb6 Nc4+ 43. Kc5 Nxa3 44. b5 Nxb5 45. Kxb5 h3 46. Kc5 1-0

[Event "Mollerussa op-B"]
[Site "Mollerusa"]
[Date "1997.??.??"]
[Round "1"]
[White "Sola Sendra, Francesco"]
[Black "Cabestany Serra, Xavier"]
[Result "0-1"]
[WhiteElo "1870"]
[BlackElo "1865"]
[PlyCount "77"]
[EventDate "1997.??.??"]
[EventType "swiss"]
[EventRounds "8"]
[EventCountry "ESP"]
[SourceTitle "EXT 2003"]
[Source "ChessBase"]
[SourceDate "2002.11.25"]
[SourceVersion "1"]
[SourceVersionDate "2002.11.25"]
[SourceQuality "1"]

1. d4 Nf6 2. c4 e6 3. Nc3 d5 4. Bg5 c6 5. e3 Nbd7 6. Nf3 Qa5 7. Qc2 Bb4 8. Bxf6 Nxf6 9. Nd2 0-0 10. Bd3 dxc4 11. Nxc4 Qh5 12. a3 Bxc3+ 13. bxc3 b5 14. Ne5 Bb7 15. Be2 Qg5 16. Bf3 Nd5 17. 0-0 c5 18. Nd7 Rfd8 19. Nxc5 Nb4 20. Qe2 Bxf3 21. Qxf3 Nd5 22. Rfc1 Rac8 23. c4 bxc4 24. Rxc4 Nb6 25. Rb4 Qg6 26. Qb7 Qc2 27. g3 e5 28. Qxa7 Qc3 29. Rab1 Nc4 30. Rb8 Nxe3 31. R8b7 Qxd4 32. fxe3 Qxe3+ 33. Kg2 Rd2+ 34. Kh3 Qh6+ 35. Kg4 Qg6+ 36. Kf3 Qf5+ 37. Ke3 Qf2+ 38. Ke4 Qd4+ 39. Kf3 0-1